000 00478nam a2200205Ia 4500
005 20250425162643.0
008 250425s9999 xx 000 0 und d
020 _a3257300058
041 _aeng
082 _a603
100 _aKAHL, GUNTER
245 0 _aDICTIONARY OF GENE TECHNOLOGY
250 _aS.E
260 _aEstados Unidos
_bVCH VERLAGSGESELLSCHAFT
_c1995
260 _aNEW YORK
300 _a550
650 _aDICCIONARIOS
942 _c01
010 _a94444
999 _c233688
_d233688